000
00287nam a22001217a 4500
008
170522b xxu||||| |||| 00| 0 eng d
041
_a
eng
080
_a
94(7/8)
100
_a
16
101
_a
SHH
245
_a
THE FINANCIAL HISTORY OF THE UNITED STATES
_c
BOLLES, A.S
942
_2
udc
_c
BK
999
_c
13680
_d
13680